The German "Seepost" cancellations 1886-1939 : (Record no. 1767)

000 -LEADER
fixed length control field 00660nam a22001217a 4500
008 - FIXED-LENGTH DATA ELEMENTS--GENERAL INFORMATION
fixed length control field 160213b xxu||||| |||| 00| 0 eng d
100 ## - MAIN ENTRY--AUTHOR'S NAME
Author's Name Gottspenn, Arno
245 ## - TITLE STATEMENT
Title The German "Seepost" cancellations 1886-1939 :
Remainder of title Part I European, North & South Atlantic routes
260 ## - PUBLICATION, DISTRIBUTION, ETC. (IMPRINT)
Place of publication, distribution, etc. Newbury, Berkshire, England
Name of publisher, distributor, etc. Philip Cockrill
Date of publication, distribution, etc. 1986
490 ## - SERIES STATEMENT
Series statement Cockrill series booklet ; no. 46
650 ## - TOPICAL TERM (Tag)
Topical term or geographic name Germany | Europe | North America | South America | Maritime Mail | Postal Routes | Shipping Companies and Packet Service 19th Century | 20th Century | Postal History | Postal Markings Transoceanic Mail | Deutsche Seepost | Deutsche Schiffspost
700 ## - SECONDARY AUTHOR, EDITOR OR ILLUSTRATOR
Personal Name Cockrill, Philip
Holdings
Withdrawn status Lost status Source of classification or shelving scheme Damaged status Koha normalized classification for sorting Not for loan Permanent Location Current Location Date acquired Total Checkouts Full call number Barcode Date last seen Price effective from
        G6081 M342 C666   Northern Philatelic Library Northern Philatelic Library 02/13/2016   G6081 .M342 C666 1002021 02/13/2016 02/13/2016

Powered by Koha